Managing urban futures (Record no. 106233)
[ view plain ]
| 000 -LEADER | |
|---|---|
| fixed length control field | 01357cam a2200241 4500 |
| 001 - CONTROL NUMBER | |
| control field | L135907 |
| 008 - FIXED-LENGTH DATA ELEMENTS--GENERAL INFORMATION | |
| fixed length control field | 061215n2005 000 0 eng u |
| 020 ## - INTERNATIONAL STANDARD BOOK NUMBER | |
| International Standard Book Number | 0754644170 |
| 035 ## - SYSTEM CONTROL NUMBER | |
| System control number | (Sirsi) u135907 |
| 050 04 - LIBRARY OF CONGRESS CALL NUMBER | |
| Classification number | 711.2 $2 18 |
| 245 00 - TITLE STATEMENT | |
| Title | Managing urban futures |
| Remainder of title | sustainability and urban growth in developing countries |
| 260 ## - PUBLICATION, DISTRIBUTION, ETC. | |
| Place of publication, distribution, etc. | Aldershot |
| Name of publisher, distributor, etc. | Ashgate |
| Date of publication, distribution, etc. | 2005 |
| 300 ## - PHYSICAL DESCRIPTION | |
| Extent | xv, 277p |
| Dimensions | 24cm. |
| 350 ## - PRICE (NR) (BK AM CF MU VM SE) [OBSOLETE] | |
| Price | 50 |
| 505 2# - FORMATTED CONTENTS NOTE | |
| Formatted contents note | The challenges of urban development processes -- New scales in space and time -- Transforming state, space and society: political reform, promoting citizens rights and poverty alleviation -- Coming together. |
| 520 ## - SUMMARY, ETC. | |
| Summary, etc. | Explores the conflicting challenges of rapid urbanization in developing countries. Compares the challenges in Africa, Latin America, Asia and the Pacific and puts forward a new way of thinking about medga and million-cities in developing countries. Promotes their viral function in society as engines of ideas, technologies, societal change, democratic transformation and loci of political will to build a new regime of global sustainability. |
| 651 #4 - SUBJECT ADDED ENTRY--GEOGRAPHIC NAME | |
| Geographic name | International |
| 690 ## - LOCAL SUBJECT ADDED ENTRY--TOPICAL TERM (OCLC, RLIN) | |
| Topical term or geographic name as entry element | ENVIRONMENTAL AND LAND CONSULTANCY-SUSTAINABILITY-SUSTAINABLE DEVELOPMENT |
| 700 1# - ADDED ENTRY--PERSONAL NAME | |
| Personal name | Keiner, Marco |
| Relator term | Editor |
| 700 1# - ADDED ENTRY--PERSONAL NAME | |
| Personal name | Koll-Schretzenmayr, Martina |
| Relator term | Editor |
| 700 1# - ADDED ENTRY--PERSONAL NAME | |
| Personal name | Schmid, Willy A. |
| Relator term | Editor |
| 942 ## - ADDED ENTRY ELEMENTS (KOHA) | |
| Suppress in OPAC | 0 |
| Withdrawn status | Lost status | Source of classification or shelving scheme | Damaged status | Not for loan | Home library | Current library | Shelving location | Date acquired | Cost, normal purchase price | Total Checkouts | Full call number | Barcode | Date last seen | Date last checked out | Copy number | Cost, replacement price | Price effective from | Koha item type |
|---|---|---|---|---|---|---|---|---|---|---|---|---|---|---|---|---|---|---|
| Dewey Decimal Classification | London | London | Books | 02/02/2007 | 50.00 | 1 | 711.2 KEI | 30073587 | 06/08/2019 | 23/02/2007 | 1 | 50.00 | 06/08/2019 | Book |